{"text_format":"2","workbook":"xlsx","n_sheets":1,"sheets":["ANEXO II"],"not_rendered":{"charts":0,"images":0,"macros":0,"external_links":0,"defined_names":6,"comments":0,"pivot_tables":0},"unopened":[],"bounds":{"document_bytes":16777216,"sheet_cells":100000,"run_cost":"one","rows_first":2000,"rows_last":500,"rows_between":2000,"halvings":0,"cell_chars":16384,"cell_head_chars":4096},"cells_cut":0,"cells_raw":0,"read":"whole","date_system":"1900"}

{"sheet":"ANEXO II","index":0,"n_rows":21,"n_cols":8,"rows_kept":21,"cut":false,"hidden":false,"merged":[[0,0,0,7],[20,0,20,6]]}
["PLANILHA DE ESPECIFICAÇÕES, QUANTITATIVOS E PREÇOS ESTIMADOS"]
[]
["Item","CATMAT","Descrição do produto - Especificação Técnica","Unidade","Cota","Quant. \nMáxima Anual","Valor Unitário Máximo (R$)","Valor Total (R$)"]
[1,248043,"Colméia para a produção de mel – 1 (um) ninho composto por caixa, tampa, fundo, 10 quadros  aramados com arame inox 304L esticado, 0,40 mm, tipo mole; redutor de  alvado;  2 (duas) melgueiras  composta por caixa e 10 quadros  aramados com arame inox 304L esticados, 0,40 mm, tipo mole; padrão  internacional (LANGSTROTH); confeccionados em madeira de lei seca em  estufa (cedro, cedrinho) ou eucalipto seco em estufa, montado e imunizado (imersão em óleo vegetal  aquecido). Logomarca CODEVASF estampada/pintada na cor azul em uma das laterais tanto da colmeia como das melgueiras, conforme modelo do edital. Utilizar tinta atóxica.COTA DE 25% - Exclusivo para ME e EPP.","und.","Exclusivo para ME e EPP",500,258.33,129164.99999999999]
[2,248043,"Colméia para a produção de mel – 1 (um) ninho composto por caixa, tampa, fundo, 10 quadros  aramados com arame inox 304L esticado, 0,40 mm, tipo mole; redutor de  alvado;  2 (duas) melgueiras  composta por caixa e 10 quadros  aramados com arame inox 304L esticados, 0,40 mm, tipo mole; padrão  internacional (LANGSTROTH); confeccionados em madeira de lei seca em  estufa (cedro, cedrinho) ou eucalipto seco em estufa, montado e imunizado (imersão em óleo vegetal  aquecido). Logomarca CODEVASF estampada/pintada na cor azul em uma das laterais tanto da colmeia como das melgueiras, conforme modelo do edital. Utilizar tinta atóxica.","und.","Principal",1500,258.33,387495]
[3,3654,"Fumigador apícola, tamanho grande; fornalha com capacidade para 6 litros; com diâmetro aproximado de 150 mm e altura total aproximada de 370 mm; fabricado em aço galvanizado; pegadores em madeira. Fole confeccionado com madeira maciça nas medidas aproximadas de 220 x 300mm, com pano de lona de courvin ou lona tipo encerado com no mínimo 1 mm de espessura com tela de proteção na entrada de ar. Exclusivo para ME e EPP.","und.","Exclusivo para ME e EPP",200,141.13,28226]
[4,3891,"Macacão apícola - 100% poliamida; elástico nos punhos, cintura  e tornozelo; com, no mínimo, 2 bolsos; ziper frontal.  Máscara (capuz) e chapéu integrados ao macacão; máscara (capuz) com tela cinza ou preta por todos os lados; tamanho G. Logomarca da Codevasf  estampada/pintada na cor azul na parte superior traseira do macacão, conforme modelo do edital.  COTA DE 25% - Exclusivo para ME e EPP.","und.","Exclusivo para ME e EPP",150,210,31500]
[5,3891,"Macacão apícola - 100% poliamida; elástico nos punhos, cintura  e tornozelo; com, no mínimo, 2 bolsos; ziper frontal.  Máscara (capuz) e chapéu integrados ao macacão; máscara (capuz) com tela cinza ou preta por todos os lados; tamanho G. Logomarca da Codevasf  estampada/pintada na cor azul na parte superior traseira do macacão no tamanho, conforme modelo do edital. ","und.","Principal",450,210,94500]
[6,332405,"Bota em PVC - cano médio, na cor branca, tamanho 42.   Exclusivo para ME e EPP.","par","Exclusivo para ME e EPP",500,46,23000]
[7,332405,"Bota em PVC - cano médio, na cor branca, tamanho 38. Exclusivo para ME e EPP.","par","Exclusivo para ME e EPP",500,46,23000]
[8,120936,"Luvas em vaqueta de couro, para apicultura; cor clara; tamanho M; punho com elástico, em courvin, brim ou outro tecido/material de cor branca ou clara; cano longo. Exclusivo para ME e EPP.","par","Exclusivo para ME e EPP",500,31,15500]
[9,215590,"Cera de abelha alveolada pura – Padrão LANGSTROTH - em lâminas com 41 cm de comprimento, 20 cm de largura e espessura de 05 a 10 mm. O produto deve ser entregue em embalagens de 5 kg.  A cera deve ser proveniente de estabelecimento com registro no Serviço de Inspeção Federal – SIF ou no Serviço Brasileiro de Inspeção de POA (SISBI_POA). Exclusivo para ME e EPP.","kg","Exclusivo para ME e EPP",1000,77.86,77860]
[10,151029,"Centrífuga elétrica 32 quadros - 110 v ou 220v, a ser escolhido na ordem de fornecimento (padrão internacional) (Langstroth) - bojo construído em Aço Inox AISI 304 chapa mínimo 0,85mm de espessura; acabamento sanitário para alimentos e solda processo TIG polida; Rotor em Aço Inox AISI 304, com eixo passante; fundo cônico decaído no sentido da saída; Tampas em aço inoxidável AISI 304; com torneira de corte rápido em aço inox; Estrutura de sustentação da centrifuga com quatro pés em aço inox AISI 304; acionamento através de motor ½ cv acoplado no eixo, com inversor de frequência digital monofásico para controle da velocidade ;manual em português;voltagem  220 Volts. Exclusivo para ME e EPP.","und.","Exclusivo para ME e EPP",9,8859,79731]
[11,151029,"Centrífuga manual 20 quadros (padrão internacional) (Langstroth) - bojo construído em Aço Inox AISI 304 chapa mínimo 0,85mm de espessura; acabamento sanitário para alimentos e Solda Processo TIG polida; Rotor em Aço Inox AISI 304, com eixo passante; Fundo Cônico Decaído no sentido da Saída;Tampas em aço inoxidável AISI 304; com torneira de corte rápido em aço inox; Estrutura de sustentação da centrifuga com, no mínimo, três pés em aço inox AISI 304. Manual em português.  Exclusivo para ME e EPP.","und.","Exclusivo para ME e EPP",10,3165.13,31651.300000000003]
[12,230177,"Tanque decantador 200 kg - construído em aço inoxidável AISI 304, com chapa mínimo 0,85 mm de espessura, com capacidade para 200 kg de mel; Acabamento sanitário e solda processo TIG polida com acabamento sanitário; Fundo cônico decaído no sentido da saída; tampa com alça e abas laterais em aço inoxidável AISI 304 e equipado com torneira inox de corte para mel; com peneira malha 80; estrutura de sustentação do tanque com quatro pés em aço inox AISI 304, com visor de nível. Exclusivo para ME e EPP.","und.","Exclusivo para ME e EPP",20,1713,34260]
[13,126713,"Mesa desoperculadora 32 a 40 quadros (padrão internacional (Langstroth) - construída em aço inoxidável AISI 304, com chapa minimo de 0,45 mm de espessura, solda Processo TIG, equipada com torneira inox de corte para mel. Estrutura com quatro pés, construídos em inox AISI 304. Equipada com travessa em aço inoxidável para suporte de quadros. Exclusivo para ME e EPP.","und.","Exclusivo para ME e EPP",10,1819.5,18195]
[14,150963,"Bandeja para receber melgueira, com alças, toda em aço inox AISI 304, medindo 45cm x 60cm x 2cm, garantia de 12 meses. Exclusivo para ME e EPP.","und.","Exclusivo para ME e EPP",100,138.9,13890]
[15,94382,"Balde plástico, atóxico, rígido, cor branca, para armazenamento de alimento, que aceite empilhamento, com capacidade de 20 a 25 litros, com alça e fechamento hermético com tampa de pressão. Exclusivo para ME e EPP.","und.","Exclusivo para ME e EPP",400,42.805,17122]
[16,126705,"Garfo desoperculador apícola inox, com cabo plástico e dentes em inox. Exclusivo para ME e EPP.","und.","Exclusivo para ME e EPP",50,37.119999999999997,1855.9999999999998]
[17,150748,"Balança eletrônica, capacidade de pesagem 150 kg, plataforma e coluna em chapa de aço;bivolt, certificada pelo INMETRO; manual em Português; Assistência Técnica Autorizada no Estado de Sergipe. Exclusivo para ME e EPP.","und.","Exclusivo para ME e EPP",10,1282.07,12820.699999999999]
["TOTAL",{"$nulls":6},1019772]